Statistics for F.R.I.E.N.D.S quiz

Click here to take the quiz!

General Stats

  • This quiz has been taken 427 times
  • The average score is 5 of 10

Answer Stats

HintAnswer% Correct
what does Ross yell when lifting a couch up the stairs to his building?pivot!
93%
where does Chandler go when escaping Janice?yemen
92%
who is the third friend to say "It's okay" to when Chandler apologizes or deep throating them? (Monica, Rachel and...)Ross
75%
what is Joey's catch phrase when going to London?london baby!
55%
Which of Joey's sister's does Chandler kiss?mary angela
46%
Who is Monica's first date of the show?Paul the wine guy
46%
what is Rachel's favorite movie?weekend at Bernie's
44%
what name do Rachel and Ross agree with before Rachel changing her mind very quickly?Ruth
30%
what does Chandler tell Janice his address will be?15 yemen road yemen
22%
who does Monica invite round to dinner but hates Rachel?Will Wheaton
1%

Score Distribution

Percentile by Number Answered

Percent of People with Each Score

Your Score History

You have not taken this quiz